| 000 | 00858nam a2200289Ia 4500 | ||
|---|---|---|---|
| 001 | Para_5432 | ||
| 003 | CHAP | ||
| 008 | 220125s1924 xx 000 0 und d | ||
| 010 | _a203773 | ||
| 040 | _cCHAP | ||
| 090 | _aPA FOLLETO 2773 | ||
| 100 |
_aNelson, James A _980779 |
||
| 245 |
_aGrowth and feeding of honeybee larvae / _c by James A. Nelson, Arnold P. Sturtevant and Bruce Lineburg |
||
| 260 |
_aWashington : _b Department of Agriculture |
||
| 300 | _a38 p. | ||
| 440 |
_aEUA. Dep. of. Agri. Bull.; 1222 _9169674 |
||
| 650 |
_aAbejas _x Alimentación _9183 |
||
| 700 |
_aLineburg, Bruce _966972 |
||
| 700 |
_aSturtevant, Arnold P. _9110109 |
||
| 901 | _aPA FOLLETO 2773 | ||
| 902 | _aA | ||
| 905 | _a0000001924 WAS 0000000000 00 | ||
| 910 | _a1924 | ||
| 942 | _cPARA | ||
| 942 |
_cPARA _d1 |
||
| 999 |
_c203773 _d203773 |
||